00601cam a22001331 4500082002000000100001900020245018200039260003400221300005200255500004900307526003700356650004300393700003100436 a355.009244bTAY1 aTaylor, Frank,14aThe wars of Marlborough, 1702-1709,cby Frank Taylor ... ed. by G. Winifred Taylor ... with an introduction by the Hon. J.W. Fortescue ... Maps comp. and drawn by H.W. Cribb ... aOxford,bB. Blackwell,c1921. a2 v.b10 fold. maps (incl. fronts.)c22 1/2 cm. a"Memoir of Frank Taylor" : v. 2, p. 505-513. a0b0c0d355_009244000000000_TAY 0aSpanish Succession, War of, 1701-1714.1 aTaylor, Gertrude Winifred,